Pohjois-Karjalan kuntien vaakunat 2025 (keltainen laatikko) - Statistics

Yleistilastot
  • Tätä visaa on pelattu 110 kertaa
    106 viimeisimmän päivityksen jälkeen
  • Keskiarvotulos 12 / 13
Vastaustilastot
Kuvavisa Vastaus % Oikein
Joensuu
98%
Kontiolahti
98%
Heinävesi
96%
Lieksa
96%
Outokumpu
94%
Liperi
92%
Ilomantsi
88%
Polvijärvi
88%
Rääkkylä
88%
Juuka
86%
Kitee
86%
Nurmes
86%
Tohmajärvi
86%
Ehtoja vastaavia visoja ei löytynyt
Tulosjakauma
Jokaisen tuloksen saaneiden osuus
Persentiili vastausten määrän mukaan
Tuloshistoriasi
Et ole pelannut tätä visaa sen viimeisimmän päivityksen jälkeen